| 000 | 00831cam a22002654a 4500 | ||
|---|---|---|---|
| 001 | 2618168 | ||
| 005 | 20180227032104.0 | ||
| 008 | 981119s1999 iau bf s001 0 eng | ||
| 010 | _a 98053001 | ||
| 020 | _a0813824443 (desk edition) | ||
| 020 | _a0813823536 (pocket edition) | ||
| 035 | _a(DLC) 98053001 | ||
| 040 |
_aDLC _cDLC _dDLC |
||
| 041 | _aeng | ||
| 042 | _apcc | ||
| 080 | _a636.089/5103 plu | ||
| 082 | 0 | 0 |
_a636.089/5103 plu _221 |
| 100 | 1 | _a9 | |
| 101 | _azoo | ||
| 245 | 1 | 0 |
_aVeterinary drug handbook / _cDonald C. Plumb. |
| 504 | _aIncludes bibliographical references (p. 712) and index. | ||
| 906 |
_a7 _bcbc _corignew _d1 _eocip _f19 _gy-gencatlg |
||
| 942 |
_2ddc _cBK |
||
| 999 |
_c43527 _d43527 |
||